Nihon jinkōron /

Saved in:
Bibliographic Details
Main Author: Nagai, Tōru, 1878-1973.
Format: Book
Language:Japanese
Published: Tōkyō : Ganshōdō Shoten, Shōwa 4 [1929]
Edition:Shohan.
Subjects:
Tags: Add Tag
No Tags, Be the first to tag this record!
LEADER 00860nam a2200277 a 4500
001 007747098-2
005 20024617115255.0
008 870429s1929 ja 000 0 jpn
010 |a 87132142 /AJ 
035 0 |a ocm16356040 
040 |a DLC  |c DLC  |d *YNH*  |d CStRLIN 
043 |a a-ja--- 
050 0 |a HB3651  |b .N28 1929 
100 1 |6 880-01  |a Nagai, Tōru,  |d 1878-1973. 
245 1 0 |6 880-02  |a Nihon jinkōron /  |c Nagai Tōru cho. 
250 |6 880-03  |a Shohan. 
260 |6 880-04  |a Tōkyō :  |b Ganshōdō Shoten,  |c Shōwa 4 [1929] 
300 |a 10, 4, 424 p. ;  |c 23 cm. 
651 0 |a Japan  |x Population policy. 
650 0 |a Population. 
880 1 |6 100-01  |a 永井亨,  |d 1878-1973. 
880 1 0 |6 245-02  |a 日本人口論 /  |c 永井亨著. 
880 |6 250-03  |a 初版. 
880 |6 260-04  |a 東京 :  |b 巖松堂書店,  |c 昭和 4 [1929] 
988 |a 20021209 
906 |0 DLC